Loading...
| Philosophy | 0 | 4 | 0 | 0 | 40 | 28 | 61.50 | 1 | 2 | 20.49 | 32.29 |
| History - American | 0 | 4 | 1 | 0 | 35 | 16 | 55.25 | 1 | 2 | 18.24 | 24.83 |
| History - European | 0 | 3 | 0 | 0 | 30 | 30 | 54.00 | 1 | 3 | 14.00 | 23.66 |
| Literature - British | 0 | 3 | 0 | 0 | 30 | 44 | 61.67 | 0 | 1 | 13.41 | 19.23 |
| Religion | 0 | 3 | 0 | 0 | 30 | 34 | 44.00 | 0 | 3 | 16.27 | 20.69 |
| History - Other | 0 | 2 | 0 | 0 | 20 | 46 | 49.50 | 0 | 1 | 9.66 | 14.69 |
| History - World | 0 | 2 | 0 | 0 | 20 | 52 | 53.50 | 0 | 1 | 9.17 | 14.39 |
| Literature - European | 0 | 2 | 0 | 0 | 20 | 73 | 85.50 | 0 | 1 | 4.68 | 9.09 |
| Current Events | 0 | 1 | 0 | 0 | 10 | 30 | 30.00 | 0 | 1 | 17.57 | 20.83 |
| Fine Arts - Other | 0 | 1 | 0 | 1 | 10 | 80 | 80.00 | 0 | 0 | 2.93 | 1.52 |
| Literature - World | 0 | 1 | 0 | 0 | 10 | 63 | 63.00 | 0 | 1 | 4.28 | 7.69 |
| Mythology | 0 | 1 | 1 | 0 | 5 | 53 | 53.00 | 0 | 0 | 4.71 | 4.90 |
| Social Science | 0 | 1 | 2 | 1 | 0 | 109 | 109.00 | 0 | 0 | 0.10 | 1.85 |
| Fine Arts - Classical Music | 0 | 0 | 1 | 0 | -5 | 0.00 | 0 | 0 | 0.00 | 0.00 |